000 00987 a2200445 4500
000 BKB
001 141021
005 20200902165447.0
008
010 _a
020 _a9780132678131
082 _a302.14
_bJ36J
100 1 _aJohnson, David W.
110 _a
245 1 _aJoining together: group theory and group skills
_cby David W. Johnson and Frank P. Johnson
250 _a11th ed.
260 _aBoston
_bPearson
_c2013
300 _a638p.
490 _a
_v
500 _a
600 _a
610 _a
611 _a
630 _aSocial Work
650 _a
651 _a
654 _a
690 _aGroup relations training; Social groups; Leadership; Group counseling
700 _aJohnson, Frank P.
_b
_c
710 _a
_b
_c
711 _a
720 _a
730 _a
740 _a
752 _a
856 _a
_d
_f
904 _a
964 _a
_b
_c
_d
_e
_f
_g
965 _a
999 _c21082
_d21082